[Event "Olympiad Women 2024"]
[Site "Budapest HUN"]
[Date "2024.09.20"]
[Round "9.28"]
[Board "4"]
[White "Machlik, Monika"]
[Black "Fang, Kun"]
[Result "1/2-1/2"]
[WhiteElo "2109"]
[BlackElo "1769"]
[PlyCount "162"]
[EventDate "2024.09.11"]
[WhiteTeam "Norway"]
[BlackTeam "Singapore"]
[WhiteTeamCountry "NOR"]
[BlackTeamCountry "SIN"]

1. d4 d5 2. c4 e6 3. Nc3 Nf6 4. cxd5 exd5 5. Bg5 Be7 6. e3 c6 7. Bd3 O-O 8. h3 Nbd7 9. Qc2 Re8 10. Bf4 Nf8 11. Nf3 Ng6 12. Bh2 Bd6 13. Bxd6 Qxd6 14. O-O-O Bd7 15. g4 Rec8 ({RR} 15... b5 16. Kb1 Rab8 17. Nd2 c5 18. dxc5 Qxc5 19. g5 d4 20. gxf6 dxc3 21. Nb3 Qc7 22. fxg7 b4 23. Rhg1 Kxg7 24. Rg3 Bb5 25. f4 Bxd3 26. Rxd3 Rbc8 27. Nd4 Kf8 28. Rg1 Qb7 29. bxc3 Rxc3 30. Rxc3 {1-0 Tin,J (2580)-Ssegwanyi,A (2365) 45th Olympiad 2024 (6.43)}) 16. g5 Ne8 17. Kb1 c5 18. dxc5 $146 ({RR} 18. Bf5 c4 19. Bxd7 Qxd7 20. h4 b5 21. h5 Nf8 22. e4 Nc7 23. Ne5 Qe6 24. f4 b4 25. Na4 b3 26. axb3 cxb3 27. Qc6 dxe4 28. d5 Qf5 29. g6 f6 30. gxh7+ Kxh7 31. Ng6 e3+ 32. Ka1 Qc2 {1-0 Epishin,V (2567)-Pezerovic,E (2426) Bayern-chI Bank Hofmann 4th 2000 (5)}) 18... Rc7 19. c6 Rxc6 20. Nd4 Rc5 21. f4 a6 22. Qe2 Rac8 23. Qg2 Ne7 24. Nb3 R5c7 25. Be4 Qb6 26. Bxd5 Qxe3 27. Rhe1 Bf5+ 28. Ka1 Qxh3 29. Bxb7 Qxg2 30. Bxg2 Ng6 31. Rd4 Kf8 32. Nd2 Rc5 33. Bb7 Rb8 34. Bxa6 Nc7 35. Bc4 Ne6 36. Bxe6 Bxe6 37. Nf3 Rf5 38. Ree4 Ra8 39. a3 Rc5 40. Re3 Ne7 41. Re5 Rc7 42. Re1 Nc6 43. Rd2 Kg8 44. Nb5 Rd7 45. Rxe6 Rxd2 46. Rxc6 Rd3 47. Rc3 Rd1+ 48. Ka2 h5 49. gxh6 gxh6 50. Ne5 Rf1 51. Rg3+ Kh7 52. Nxf7 Rxf4 53. Nbd6 Rf2 54. Ne5 Re2 55. Ndc4 Ra7 56. Rh3 Kg7 57. Kb3 Re4 58. Kc3 Ra6 59. Kb3 Ra7 60. a4 Rf4 61. a5 Rf8 62. Ka4 Rh8 63. b4 Kf6 64. b5 Ke6 65. b6 Rg7 66. a6 Kf5 67. b7 Kf4 68. Nc6 Rc7 69. Kb5 Kg4 70. Nd6 Kxh3 71. Kb6 Rg7 72. Nc8 Rg1 73. Ka7 Rh7 74. Ka8 Rxb7 75. axb7 Rb1 76. Ka7 Rxb7+ 77. Kxb7 h5 78. Nd6 h4 79. Ne5 Kg3 80. Nf5+ Kf4 81. Nxh4 Kxe5 1/2-1/2

[Event "Olympiad Women 2024"]
[Site "Budapest HUN"]
[Date "2024.09.20"]
[Round "9.29"]
[Board "1"]
[White "Tharushi, T H D Niklesha"]
[Black "Cori T., Deysi"]
[Result "0-1"]
[WhiteElo "1852"]
[BlackElo "2366"]
[PlyCount "86"]
[EventDate "2024.09.11"]
[WhiteTeam "Sri Lanka"]
[BlackTeam "Peru"]
[WhiteTeamCountry "SRI"]
[BlackTeamCountry "PER"]

1. d4 g6 2. c4 Bg7 3. Nc3 d6 4. e4 a6 5. Nge2 ({RR} 5. Nf3 Bg4 6. Be3 Nc6 7. Qa4 Bd7 8. Qc2 Nf6 9. h3 Nb4 10. Qd2 c5 11. dxc5 Qa5 12. Be2 dxc5 13. e5 Nh5 14. O-O Nc6 15. Nd5 Qxd2 16. Bxd2 Rd8 17. g4 e6 18. Nb6 Nxe5 19. Nxe5 Bxe5 {1-0 Vovk,Y (2546)-Bosboom,M (2450) Waling Dijkstra Gr-A 2009 (4)}) 5... Nd7 ({RR} 5... c6 6. a4 a5 7. Ng3 h5 8. Be2 Qb6 9. d5 Na6 10. O-O Nc5 11. Ra3 h4 12. Nh1 Nf6 13. Qc2 h3 14. g3 Ng4 15. Nd1 cxd5 16. cxd5 Bd7 17. Bxg4 Bxg4 18. Ne3 Bd7 19. Nc4 Qa6 20. Be3 {0-1 Alarcon Bahamondes,R (2335)-Ghasi,A (2485) Titled Tue 5th Mar Late 2024 (4)}) 6. Be3 e5 $146 ({RR} 6... c6 7. c5 dxc5 8. dxc5 Qa5 9. a3 Ngf6 10. b4 Qc7 11. Nd4 O-O 12. Be2 e5 13. Nb3 Ne8 14. O-O f5 15. f3 Ndf6 16. Nd2 Be6 17. Bc4 Qf7 18. Qb3 Nc7 19. Rad1 Rad8 20. Bxe6 Nxe6 21. Nc4 {½-½ Hand,F (1868)-Brotherton,T (2102) BCF-chT2b 1516 (4NCL) 2015 (1.30)}) 7. d5 f5 8. f3 Bh6 9. Bxh6 Qh4+ 10. g3 Qxh6 11. Qd2 Ndf6 12. Qxh6 Nxh6 13. Nc1 fxe4 14. fxe4 Bd7 15. a4 O-O 16. Kd2 c6 17. Be2 cxd5 18. cxd5 Rac8 19. h3 Rxc3 20. bxc3 Nxe4+ 21. Kc2 Rf2 22. g4 Nc5 23. Kd2 Bxa4 24. Nd3 Rxe2+ 25. Kxe2 Bb5 26. Rhd1 e4 27. Ke3 Bxd3 28. Ra2 Nf7 29. Rf2 Kg7 30. Rxd3 exd3 31. Kd4 b5 32. c4 b4 33. Rb2 a5 34. Rb1 g5 35. Re1 a4 36. Rb1 a3 37. Ke3 a2 38. Ra1 b3 39. Kd2 b2 40. Rxa2 b1=Q 41. Ra7 Qc2+ 42. Ke3 Qe2+ 43. Kd4 Qe5# 0-1

[Event "Olympiad Women 2024"]
[Site "Budapest HUN"]
[Date "2024.09.20"]
[Round "9.29"]
[Board "2"]
[White "Contreras Huaman, Fiorella"]
[Black "Pallie, Ehsha Mishela"]
[Result "1-0"]
[WhiteElo "2168"]
[BlackElo "1767"]
[PlyCount "87"]
[EventDate "2024.09.11"]
[WhiteTeam "Peru"]
[BlackTeam "Sri Lanka"]
[WhiteTeamCountry "PER"]
[BlackTeamCountry "SRI"]

1. e4 c5 2. Nc3 e6 3. g3 d5 4. exd5 exd5 5. Bg2 Nf6 6. Nge2 Nc6 7. O-O d4 8. Ne4 Nxe4 9. Bxe4 Bd6 10. d3 O-O ({RR} 10... Bg4 11. Bg2 Qd7 12. f3 Be6 13. Nf4 Bxf4 14. Bxf4 O-O 15. Re1 Rfe8 16. a3 a5 17. Qd2 a4 18. Qf2 Ne7 19. Bd2 Qb5 20. c4 Qb3 21. Bf1 b5 22. cxb5 Qxb5 23. Bg5 Ng6 24. Rac1 Bd5 25. Bf4 {0-1 Sanal,V (2600)-Oparin,G (2667) 6th Sharjah Masters 2023 (5.12)}) 11. Nf4 Ne5 12. h3 Re8 13. Re1 $146 ({RR} 13. Bg2 Rb8 14. Nd5 Be6 15. Nf4 Bd7 16. c3 dxc3 17. bxc3 Bc6 18. d4 cxd4 19. cxd4 Bxg2 20. Nxg2 Nc6 21. Qg4 Qf6 22. Be3 Nb4 23. a4 Nd5 24. Rfe1 Qe6 25. Bd2 Qxg4 26. hxg4 Kf8 27. Ne3 Nxe3 {½-½ Nevednichy,B (2115)-Klundt,K (2318) WchT Seniors 65 2018 (9.4)}) 13... Rb8 14. Bd2 Bd7 15. Ng2 Qc8 16. f4 Ng6 17. Qh5 Bc6 18. Kh2 Qc7 19. Re2 c4 20. Rae1 Bxe4 21. Rxe4 Rxe4 22. dxe4 Rd8 23. e5 Bf8 24. Qf5 Ne7 25. Qg4 Qd7 26. Qe2 Qd5 27. Nh4 Nc6 28. c3 d3 29. Qg4 b5 30. Nf5 g6 31. Ne3 Qd7 32. Qf3 Bg7 33. Ng4 Qe6 34. Nf2 h5 35. Ne4 Qd5 36. g4 hxg4 37. hxg4 a5 38. Qh3 Kf8 39. Nf6 Qe6 40. f5 Qe7 41. Qh7 Bxf6 42. exf6 Qd6+ 43. Kh3 Ne5 44. Qh8# 1-0

[Event "Olympiad Women 2024"]
[Site "Budapest HUN"]
[Date "2024.09.20"]
[Round "9.29"]
[Board "3"]
[White "Gunawardhana, Devindya Oshini"]
[Black "Garcia Andrada, Heidy Nicole"]
[Result "1-0"]
[WhiteElo "1956"]
[BlackElo "2003"]
[PlyCount "115"]
[EventDate "2024.09.11"]
[WhiteTeam "Sri Lanka"]
[BlackTeam "Peru"]
[WhiteTeamCountry "SRI"]
[BlackTeamCountry "PER"]

1. e4 c5 2. Nf3 e6 3. Nc3 a6 4. g3 Nc6 5. Bg2 e5 ({RR} 5... g5 6. O-O Bg7 7. d3 h6 8. h4 g4 9. Nd2 h5 10. Nc4 d6 11. a4 Nge7 12. Bf4 e5 13. Bd2 Ng8 14. f3 Nd4 15. Ne3 Bh6 16. fxg4 Bxe3+ 17. Bxe3 Bxg4 18. Qd2 Ne6 {1-0 Baklan,V (2639)-Miezis,N (2572) Ghent Taminco op 32nd 2009 (6)}) 6. O-O ({RR} 6. d3 d6 7. a4 Nf6 8. O-O Be7 9. Nd2 O-O 10. Nc4 Be6 11. Ne3 Qd7 12. f4 Bh3 13. Ncd5 Bxg2 14. Kxg2 Nxd5 15. exd5 exf4 16. Nc4 f3+ 17. Qxf3 Ne5 18. Qf5 Qxf5 19. Rxf5 Nxc4 20. dxc4 Rfe8 {1-0 Van Riemsdijk,H (2248)-Calcado,A (2134) VIII SESC Caioba Open 2024 (6.18)}) 6... d6 7. d3 h6 $146 ({RR} 7... g6 8. Nd5 Bg7 9. c3 Nge7 10. Bg5 O-O 11. d4 h6 12. Nxe7+ Nxe7 13. Be3 Qc7 14. h3 f5 15. dxc5 dxc5 16. exf5 gxf5 17. Qa4 Be6 18. Rfe1 Nd5 19. Nxe5 Bxe5 20. Bxh6 Rf6 21. Qh4 Rg6 22. Qh5 {1-0 Pilnik,H-Wexler,B Buenos Aires International 1964 (17)}) ({RR} 7... g6 8. h3 Bg7 9. Be3 Nge7 10. Qd2 O-O 11. Bh6 b5 12. Bxg7 Kxg7 13. Nh4 f6 14. f4 Be6 15. Rf2 Bg8 16. Nd5 Rb8 17. Ne3 exf4 18. gxf4 d5 19. Nf3 Qd6 20. Raf1 dxe4 21. dxe4 Rbd8 22. Qxd6 {0-1 Ljangov,P (2161)-Nikolov,M (2359) Plovdiv Tringov Memorial 2004 (2)}) ({RR} 7... g6 8. Ne1 Bg7 9. Nd5 Nce7 10. c3 Nxd5 11. exd5 Ne7 12. Bd2 O-O 13. Rb1 Bf5 14. b3 Qd7 15. Rb2 b5 16. Qe2 a5 17. Bg5 h6 18. Bxe7 Qxe7 19. b4 axb4 20. cxb4 Rab8 21. Nc2 Bxd3 22. Qxd3 {0-1 Gunsberger,A (2276)-Karasev,V (2390) Wch Seniors 15th 2005 (6)}) 8. Nd2 Nge7 9. a4 g6 10. Nc4 Bg7 11. Be3 Rb8 12. a5 O-O 13. Qd2 Kh7 14. f4 Nd4 15. Rf2 Be6 16. Raf1 f5 17. fxe5 dxe5 18. h4 Qc7 19. Nd5 Nxd5 20. exd5 Bf7 21. h5 Qd8 22. c3 Nb3 23. Qc2 Nxa5 24. Bxc5 Nxc4 25. dxc4 Rg8 26. Rxf5 Be8 27. R5f2 Qg5 28. Qe4 Qxh5 29. Qh4 Qxh4 30. gxh4 Rc8 31. b4 b6 32. Bh3 Rb8 33. Bd6 Rb7 34. Bc8 Ra7 35. Be6 Rh8 36. c5 bxc5 37. Bxc5 Ra8 38. d6 Rd8 39. Rd2 Bd7 40. Bxd7 Rxd7 41. Ra2 e4 42. c4 Re8 43. Rxa6 Re6 44. Rc6 Rd8 45. Rc7 Kg8 46. Re7 Rf6 47. Rxf6 Bxf6 48. Rxe4 Kf7 49. b5 Ra8 50. b6 Ra1+ 51. Kg2 Ra2+ 52. Kf3 Rb2 53. d7 Rb3+ 54. Ke2 Rb2+ 55. Kd1 g5 56. Re8 Rb1+ 57. Kc2 Rb2+ 58. Kc1 1-0

[Event "Olympiad Women 2024"]
[Site "Budapest HUN"]
[Date "2024.09.20"]
[Round "9.29"]
[Board "4"]
[White "Hilario, Aleyla"]
[Black "Abeysinghe, H M H Janandani"]
[Result "1-0"]
[WhiteElo "1993"]
[BlackElo "1752"]
[PlyCount "61"]
[EventDate "2024.09.11"]
[WhiteTeam "Peru"]
[BlackTeam "Sri Lanka"]
[WhiteTeamCountry "PER"]
[BlackTeamCountry "SRI"]

1. Nf3 Nf6 2. d4 e6 3. g3 d5 4. Bg2 Nc6 5. O-O Be7 6. c4 O-O 7. b3 Ne4 8. Bb2 Nb8 $146 ({RR} 8... b6 9. Nc3 f5 10. Rc1 Bb7 11. e3 Rc8 12. Qe2 Bf6 {½-½ Zivkovic,N (2212)-Ristic,N (2319) SRB-chT2 South CS 2012 (3.2)}) ({RR} 8... b6 9. Nc3 Bb7 10. e3 a5 11. Na4 f5 12. Ne1 Qe8 13. Nd3 Bf6 14. a3 Rd8 15. Qc2 Rf7 16. Rac1 g5 17. f3 Nd6 18. Ne5 Bxe5 19. dxe5 Nc8 20. cxd5 exd5 21. f4 g4 22. Rfd1 Qe6 23. Nc3 {1-0 Giri,A (2696)-Sokolov,I (2676) NED-ch Amsterdam 2012 (1)}) ({RR} 8... a5 9. Nbd2 f5 10. a3 Qe8 11. Ne1 Bf6 12. e3 a4 13. b4 Nxd2 14. Qxd2 dxc4 15. Rc1 b5 16. d5 Bxb2 17. Qxb2 exd5 18. Bxd5+ Be6 19. Bg2 Rd8 20. Nf3 Bd5 21. Rcd1 Be4 22. Rd2 Rxd2 23. Qxd2 {0-1 Atakhan,A (2370)-Dubov,D (2708) Titled Tue 28th Feb Early 2023 (2)}) ({RR} 8... Bf6 9. e3 g6 10. Nfd2 Nxd2 11. Qxd2 Ne7 12. Nc3 c6 13. Rac1 b6 14. Rfd1 Bb7 15. e4 Rc8 16. Qf4 Bg7 17. Ba3 Re8 18. exd5 cxd5 19. Nb5 Nf5 20. g4 Bh6 21. Qe5 f6 22. Qe2 Bxc1 23. Rxc1 {0-1 Mrozinski,W (1965)-Iwannek,R (1771) Dortmund-ch 2004 (5)}) ({RR} 8... a5 9. Nc3 Nxc3 10. Bxc3 Bb4 11. Qc1 Qe7 12. a3 Bxc3 13. Qxc3 Rd8 14. Rfe1 a4 15. b4 dxc4 16. Qxc4 e5 17. d5 Na7 18. e4 Bg4 19. h3 Bxf3 20. Bxf3 c6 21. Bg4 g6 22. h4 h5 23. Bh3 {1-0 Janata,M-Pfleger,H Zuerich Junior 1964 (7)}) 9. Nc3 Nxc3 10. Bxc3 Nd7 11. Nd2 Nf6 12. e4 dxe4 13. Nxe4 Rb8 14. Qc2 b6 15. Rad1 Bb7 16. d5 exd5 17. Nxf6+ Bxf6 18. Bxd5 Qc8 19. Bxf6 gxf6 20. Bxb7 Rxb7 21. Rd4 Re8 22. Rh4 f5 23. Rh5 Qe6 24. Rg5+ Kf8 25. Qc3 f6 26. Rh5 Kg7 27. Qd2 Rh8 28. Re1 Qd6 29. Qh6+ Kf7 30. Rxf5 c5 31. Rg5 1-0

[Event "Olympiad Women 2024"]
[Site "Budapest HUN"]
[Date "2024.09.20"]
[Round "9.30"]
[Board "1"]
[White "Medic, Mirjana"]
[Black "Vargas, Gabriela"]
[Result "0-1"]
[WhiteElo "2101"]
[BlackElo "2109"]
[PlyCount "93"]
[EventDate "2024.09.11"]
[WhiteTeam "Croatia"]
[BlackTeam "Paraguay"]
[WhiteTeamCountry "CRO"]
[BlackTeamCountry "PAR"]

1. d4 d5 2. c4 e6 3. Nf3 a6 4. cxd5 exd5 5. Nc3 c6 6. Qc2 Nf6 7. Bg5 Be7 8. e3 h6 9. Bh4 O-O 10. Bd3 Re8 11. O-O Ne4 12. Bxe7 Qxe7 13. Bxe4 dxe4 14. Nd2 Bf5 $146 ({RR} 14... f5 15. d5 Nd7 16. Nc4 Ne5 17. Nxe5 Qxe5 18. dxc6 bxc6 19. Na4 Be6 20. b3 Bd5 21. Rad1 f4 22. Nb6 f3 23. Nxa8 Qg5 24. g3 Qg4 25. Kh1 Rxa8 26. Qc5 Rf8 27. Qe7 Rf6 28. Rd4 Kh7 29. Rg1 {1-0 Erenberg,A (2512)-Zemach,N (2198) ISR-chT Israel 2022 (10.5)}) 15. Rfe1 Nd7 16. f3 Nf6 17. Rac1 Rad8 18. Ndxe4 Nxe4 19. fxe4 Bxe4 20. Nxe4 Qxe4 21. Qxe4 Rxe4 22. Kf2 Rd5 23. Kf3 f5 24. Re2 g5 25. g3 Kf7 26. Rc4 g4+ 27. Kf2 Ke6 28. Rec2 Kd6 29. Rc5 Re8 30. Ke2 h5 31. Kd3 Rh8 32. Rf2 Rxc5 33. dxc5+ Ke5 34. Rf4 Rd8+ 35. Kc2 h4 36. b4 hxg3 37. hxg3 Rh8 38. e4 fxe4 39. Rxg4 Kd4 40. Rh4 Rf8 41. Rh2 Rf3 42. Rg2 e3 43. Kd1 Rf1+ 44. Ke2 Rb1 45. g4 Rb2+ 46. Kf3 Rxg2 47. Kxg2 0-1

[Event "Olympiad Women 2024"]
[Site "Budapest HUN"]
[Date "2024.09.20"]
[Round "9.30"]
[Board "2"]
[White "Montiel Caceres, Helen"]
[Black "Berke, Ana"]
[Result "0-1"]
[WhiteElo "1864"]
[BlackElo "2093"]
[PlyCount "54"]
[EventDate "2024.09.11"]
[WhiteTeam "Paraguay"]
[BlackTeam "Croatia"]
[WhiteTeamCountry "PAR"]
[BlackTeamCountry "CRO"]

1. d4 Nf6 2. Bf4 e6 3. e3 d5 4. Nf3 c5 5. c3 Bd6 6. Nbd2 Qc7 7. Bxd6 Qxd6 8. Ne5 Nfd7 9. f4 g6 $146 ({RR} 9... b6 10. Qh5 g6 11. Qh4 Qe7 12. Qh6 Qf8 13. Qh3 Ba6 14. Bxa6 Nxa6 15. O-O Nc7 16. Ndf3 f6 17. Nxd7 Kxd7 18. Rae1 Qd6 19. e4 dxe4 20. Rxe4 Rae8 21. Rfe1 Kc8 22. dxc5 Qxc5+ 23. Kh1 Kb8 24. Nd4 {1-0 Le Tuan Minh (2542)-Gokerkan,C (2470) Titled Tue 1st Nov Early 2022 (10)}) ({RR} 9... c4 10. b3 Qa3 11. Be2 f6 12. Nxd7 Nxd7 13. O-O b5 14. Bf3 Nb6 15. e4 O-O 16. Qc2 f5 17. exf5 exf5 18. Rfe1 Qd6 19. Re5 Be6 20. Rae1 Rae8 21. g3 Nd7 22. R5e2 Nf6 23. Nf1 Ne4 24. Bxe4 {0-1 Simonsen,C (2212)-Meskenas,P (2168) OBRO CXU Int. 2024 (9.20)}) ({RR} 9... Nc6 10. Bd3 O-O 11. O-O g6 12. Qg4 Kg7 13. h4 Nf6 14. Qf3 h5 15. Qg3 Ne7 16. Rae1 Nf5 17. Qf2 c4 18. Bc2 b5 19. e4 dxe4 20. Nxe4 Nxe4 21. Bxe4 Rb8 22. g3 Bb7 23. Bxb7 Rxb7 24. Qf3 {0-1 Lock,G (2099)-Jegorovas,A (2270) Titled Tuesday intern op 19th Apr Late blitz 2022 (4)}) 10. Qg4 f6 11. dxc5 Nxe5 12. fxe5 Qxe5 13. Qd4 O-O 14. Nf3 Qc7 15. Rc1 Nd7 16. c4 Nxc5 17. Be2 Qa5+ 18. Nd2 e5 19. Qc3 Qxc3 20. Rxc3 d4 21. exd4 exd4 22. Rg3 a5 23. O-O Ra6 24. Rf4 Rd6 25. b3 Re8 26. Bf3 Re1+ 27. Kf2 Nd3# 0-1

[Event "Olympiad Women 2024"]
[Site "Budapest HUN"]
[Date "2024.09.20"]
[Round "9.30"]
[Board "3"]
[White "Ivekovic, Tihana"]
[Black "Oviedo Acosta, Paula"]
[Result "1/2-1/2"]
[WhiteElo "2143"]
[BlackElo "1790"]
[PlyCount "61"]
[EventDate "2024.09.11"]
[WhiteTeam "Croatia"]
[BlackTeam "Paraguay"]
[WhiteTeamCountry "CRO"]
[BlackTeamCountry "PAR"]

1. d4 Nf6 2. c4 e6 3. g3 Bb4+ 4. Nd2 c5 5. a3 Bxd2+ 6. Qxd2 cxd4 7. Nf3 b6 8. Bg2 Bb7 9. Qxd4 ({RR} 9. O-O Bxf3 10. Bxf3 Nc6 11. b3 O-O 12. Bb2 Rc8 13. Bxd4 Nxd4 14. Qxd4 Rc5 15. b4 Rc7 16. e4 d6 17. Rfd1 e5 18. Qd3 Qc8 19. Be2 Rd8 20. Qe3 g6 21. Rd2 Kg7 22. Rad1 Qe6 23. Kg2 h6 {½-½ Tomashevsky,E (2728)-Eljanov,P (2760) Tata Steel-A 78th 2016 (5)}) 9... O-O 10. O-O Qe7 $146 ({RR} 10... Nc6 11. Qd3 d5 12. cxd5 Qxd5 13. Qxd5 Nxd5 14. Bd2 Rac8 15. Rfd1 Rfd8 16. Rac1 h6 17. Kf1 Kf8 18. Ke1 Ke8 19. h4 Ba6 20. Rc2 Nce7 21. Rdc1 Rxc2 22. Rxc2 Rc8 23. Rxc8+ Bxc8 24. Nd4 Kd7 25. g4 {½-½ Ivanchuk,V (2748)-Macieja,B (2592) Stepanakert-A 2005 (9)}) ({RR} 10... Nc6 11. Qh4 Na5 12. Bg5 h6 13. Bxf6 Qxf6 14. Qxf6 gxf6 15. Rac1 Rac8 16. Rfd1 Rfd8 17. Nd2 Bxg2 18. Kxg2 Kf8 19. b4 Nc6 20. Ne4 Ke7 21. Nd6 Rb8 22. f4 Rg8 23. Kf3 Nd8 24. e4 Nb7 25. Nb5 {0-1 Wanyama,H (2166)-Fantinel,T (2407) Titled Tue 7th May Late 2024 (2)}) ({RR} 10... Nc6 11. Qd3 Rc8 12. b4 d5 13. cxd5 Qxd5 14. Qxd5 Nxd5 15. Bb2 Ba6 16. Rfe1 Rfd8 17. Rac1 Bb5 18. e3 Nde7 19. Red1 f6 {½-½ Meins,G (2440)-Shipov,S (2510) Groningen op 1995}) ({RR} 10... Nc6 11. Qh4 Ne7 12. Rd1 Nf5 13. Qf4 Qb8 14. Qd2 d5 15. cxd5 Bxd5 16. Qe1 Qb7 17. Bf4 Rac8 18. Be5 Ne4 19. g4 Ne7 20. h4 Nc6 21. Bf4 Na5 22. Nd4 Nf6 23. f3 Nb3 24. Nxb3 Bxb3 25. Rdc1 {1-0 Vasilevich,T (2399)-Huda,M (2247) UKR-ch (Women) 2009 (8)}) 11. b4 d5 12. cxd5 Bxd5 13. Bb2 Nbd7 14. Rac1 Rac8 15. Qh4 Rfd8 16. Nd4 Bxg2 17. Kxg2 Ne5 18. Kg1 Nc4 19. Nc6 Rxc6 20. Rxc4 Rxc4 21. Qxc4 Ne8 22. b5 Qg5 23. a4 h5 24. h4 Qf5 25. Qc6 Qg4 26. e4 Nf6 27. Bxf6 gxf6 28. Qc7 Rd3 29. Qxa7 Rxg3+ 30. fxg3 Qxg3+ 31. Kh1 1/2-1/2

[Event "Olympiad Women 2024"]
[Site "Budapest HUN"]
[Date "2024.09.20"]
[Round "9.30"]
[Board "4"]
[White "Mayeregger Gonzalez, Fiorella Allegra"]
[Black "Vujnovic, Patricija"]
[Result "1/2-1/2"]
[WhiteElo "1796"]
[BlackElo "2134"]
[PlyCount "50"]
[EventDate "2024.09.11"]
[WhiteTeam "Paraguay"]
[BlackTeam "Croatia"]
[WhiteTeamCountry "PAR"]
[BlackTeamCountry "CRO"]

1. e4 c6 2. d4 d5 3. Nc3 dxe4 4. Nxe4 Nf6 5. Nxf6+ exf6 6. Be3 Bd6 7. Bd3 Nd7 8. Ne2 O-O 9. O-O Re8 10. c4 Nf8 11. Qc2 ({RR} 11. Ng3 g6 12. Qd2 Ne6 13. Ne2 Bd7 14. Rad1 Qb8 15. h3 a5 16. c5 Bh2+ 17. Kh1 Bc7 18. Bc4 Qc8 19. d5 cxd5 20. Bxd5 Nf8 21. Kg1 a4 22. Bd4 Be5 23. Nc3 Bc6 24. Rfe1 Kg7 25. Bxe5 fxe5 {1-0 So,W (2772)-Anton Guijarro,D (2673) Chessable Masters Prelim rapid 2021 (9)}) 11... Ng6 12. Rfe1 $146 ({RR} 12. Rad1 Bd7 13. d5 c5 14. Ng3 Qc7 15. b4 Rac8 16. bxc5 Bxc5 17. Bxc5 Qxc5 18. Ne4 Qc7 19. c5 Re5 20. Nd6 Rd8 21. Qc4 Bc8 22. Nb5 Qb8 23. c6 bxc6 24. dxc6 Be6 25. c7 Bxc4 26. cxb8=Q Rxb8 {1-0 Valiyev,S (2244)-Brancaleoni,M (2180) Titled Tue 4th Jun Late 2024 (5)}) ({RR} 12. Ng3 Qc7 13. Rfe1 Be6 14. Rab1 Rad8 15. b4 Bf4 16. b5 cxb5 17. Rxb5 Bd7 18. Rbb1 Qa5 19. Ne4 Ba4 20. Qc3 Qh5 21. g3 Bxe3 22. Rxe3 f5 23. Nc5 Rxe3 24. fxe3 Bc6 25. d5 Qf3 26. Bf1 Rxd5 {1-0 Roberson,P (2424)-Mikalajunas,K (1940) British Rapidplay 2024 (5.8)}) 12... Bc7 13. h3 Be6 14. Rad1 Qd7 15. d5 Bxh3 16. Bxg6 hxg6 17. gxh3 Qxh3 18. d6 Ba5 19. Bd2 Rxe2 20. Rxe2 Qg4+ 21. Kf1 Qh3+ 22. Kg1 Qg4+ 23. Kf1 Qh3+ 24. Kg1 Qg4+ 25. Kf1 Qh3+ 1/2-1/2

[Event "Olympiad Women 2024"]
[Site "Budapest HUN"]
[Date "2024.09.20"]
[Round "9.31"]
[Board "1"]
[White "Smith, Olivia"]
[Black "Argote Heredia, Valentina"]
[Result "1/2-1/2"]
[WhiteElo "2087"]
[BlackElo "2144"]
[PlyCount "83"]
[EventDate "2024.09.11"]
[WhiteTeam "Wales"]
[BlackTeam "Colombia"]
[WhiteTeamCountry "WLS"]
[BlackTeamCountry "COL"]

1. e4 c5 2. Nc3 Nc6 3. Bb5 Nd4 4. Nf3 a6 5. Bd3 d6 6. Nxd4 cxd4 7. Ne2 Qb6 ({RR} 7... e5 8. O-O Nf6 9. c3 dxc3 10. dxc3 Be7 11. a4 O-O 12. a5 d5 13. exd5 Nxd5 14. Qc2 g6 15. Rd1 Be6 16. Bh6 Re8 17. Bc4 Rc8 18. Qb3 Rc5 19. Be3 Nxe3 20. Rxd8 Rxd8 21. Bxe6 {1-0 Javornik,N (2180)-Necula,I (1906) Titled Tue 23rd Jul Early 2024 (2)}) 8. c3 dxc3 9. dxc3 Nf6 $146 ({RR} 9... e6 10. O-O Nf6 11. Nd4 Qc7 12. f4 g6 13. f5 gxf5 14. exf5 e5 15. Bg5 Be7 16. Qe2 Rg8 17. Bxf6 Bxf6 18. c4 Qc5 19. Rf4 Kf8 20. b4 Qa7 21. Qh5 exf4 22. Qh6+ Ke7 23. Re1+ Be6 24. c5 {0-1 Danielsson,F (2133)-Wengholm,A (2222) Vastgota Open 2022 (5.9)}) ({RR} 9... g6 10. Be3 Qc7 11. Qb3 Be6 12. Qb4 Nf6 13. Bb6 Qc8 14. O-O Bg7 15. f4 O-O 16. a4 Bd7 17. a5 Bc6 18. h3 Re8 19. Ng3 Nd7 20. Be3 Qc7 21. Qb3 Nc5 22. Bxc5 dxc5 23. Bc4 Rf8 24. Qc2 {1-0 Williams,S (2457)-Boelhouwer,C (2106) Douglas PokerStars op 2014 (1)}) 10. Be3 Qc7 11. h3 e6 12. a4 Be7 13. a5 O-O 14. O-O Bd7 15. f4 d5 16. e5 Ne4 17. Nd4 f5 18. exf6 Bxf6 19. Nf3 Bc6 20. Qc2 e5 21. Bb6 Qe7 22. fxe5 Bxe5 23. Nxe5 Qxe5 24. Rae1 Qg3 25. Re3 Rxf1+ 26. Bxf1 Qg5 27. Rf3 Re8 28. Be3 Qd8 29. Bd4 Qxa5 30. Qc1 Qc7 31. Bd3 Rf8 32. Qf1 Rxf3 33. Qxf3 Qf7 34. Qg4 Qd7 35. Qf4 h6 36. Qb8+ Kh7 37. Qe5 Kg8 38. Qb8+ Qe8 39. Qc7 Qd7 40. Qb8+ Qe8 41. Qc7 Qd7 42. Qb8+ 1/2-1/2

[Event "Olympiad Women 2024"]
[Site "Budapest HUN"]
[Date "2024.09.20"]
[Round "9.31"]
[Board "2"]
[White "Chirivi C, Jenny Astrid"]
[Black "Camp, Imogen A L"]
[Result "1-0"]
[WhiteElo "2120"]
[BlackElo "1923"]
[PlyCount "77"]
[EventDate "2024.09.11"]
[WhiteTeam "Colombia"]
[BlackTeam "Wales"]
[WhiteTeamCountry "COL"]
[BlackTeamCountry "WLS"]

1. d4 Nf6 2. c4 g6 3. Nc3 Bg7 4. e4 d6 5. f3 O-O 6. Be3 c5 7. dxc5 dxc5 8. Qxd8 Rxd8 9. Bxc5 Nc6 10. Nd5 e6 11. Ne7+ Nxe7 12. Bxe7 Rd7 13. Ba3 b6 14. Rb1 $146 ({RR} 14. Nh3 Ba6 15. Nf2 Rc8 16. Rc1 Bh6 17. Rc2 Rdc7 18. b3 Nd7 19. Nd3 Be3 20. Bd6 Rc6 21. e5 Bb7 22. Nb4 Rxd6 23. exd6 Bc5 24. Nd3 Bxd6 25. Be2 e5 26. O-O f5 27. Rd1 Nf6 28. Rcd2 Rc7 {1-0 Moiseev,O-Chekhov,V Moscow-ch53 1975}) ({RR} 14. Nh3 Ba6 15. e5 Ne8 16. f4 f6 17. Rd1 Rxd1+ 18. Kxd1 fxe5 19. Kc2 Rc8 20. Kb3 Nf6 21. Bd3 Rd8 22. Rd1 Ng4 23. Be2 Rxd1 24. Bxd1 Ne3 25. Be2 Nxg2 26. fxe5 Bxe5 27. Bg4 Bxc4+ 28. Kxc4 Ne3+ {0-1 Karpov,A (2651)-Nakamura,H (2704) Cap d'Agde CCAS Trophee KO rapid 2008 (2.3)}) ({RR} 14. Ne2 Ba6 15. Nc3 Rc8 16. Rc1 Bh6 17. Rc2 Rcd8 18. Be2 Be3 19. g3 Rd2 20. Rxd2 Rxd2 21. Nd1 Bh6 22. e5 Nd7 23. f4 Rc2 24. Bd3 Rc1 25. Kd2 Ra1 26. Re1 Nc5 27. Bxc5 bxc5 28. Nc3 Rxe1 {0-1 Hamidov,A (2247)-Santos Latasa,J (2624) Titled Tue 3rd Sep Early 2024 (8)}) ({RR} 14. Ne2 Ba6 15. Rc1 Bh6 16. Rc2 Rad8 17. Bb4 Rd1+ 18. Kf2 R8d3 19. Nc1 Bxc1 20. Bxd3 Rxh1 21. Bc3 Nh5 22. b4 Bf4 23. a4 Bxh2 24. b5 Bb7 25. g4 Nf4 26. Bf1 Bg1+ 27. Ke1 Be3 28. a5 Kf8 {0-1 Sykora,R (2151)-Kubecka,D (2254) CZE-chT2c 0506 2005 (6.3)}) ({RR} 14. Rd1 Ba6 15. Rxd7 Nxd7 16. Nh3 Ne5 17. b3 Rd8 18. Nf2 Nc6 19. Nd1 Bh6 20. Bb2 Nb4 21. a3 Nc2+ 22. Ke2 Rd2# {0-1 Bjornes,L (1918)-Jorgensen,R (2064) Politiken Cup 35th 2013 (10)}) 14... Bh6 15. Bb4 Ba6 16. Be2 Rad8 17. b3 Be3 18. Nh3 g5 19. Nf2 Bd4 20. Rd1 Kg7 21. Rxd4 Rxd4 22. Bc3 Bb7 23. Bxd4 Rxd4 24. Nd3 Nd7 25. Kf2 f5 26. exf5 exf5 27. Rd1 Kf6 28. Ke3 Rd6 29. Nb4 Re6+ 30. Kf2 Nc5 31. Rd8 a5 32. Nd3 Bc6 33. Rf8+ Kg6 34. Nxc5 bxc5 35. Bd3 Rf6 36. Rg8+ Kh5 37. Rg7 Rd6 38. Bxf5 h6 39. Kg3 1-0